| Tag |
First Indicator |
Second Indicator |
Subfields |
| LEADER |
00000cas a2200000 i 4500 |
| 001 |
in00003499421 |
| 005 |
20151206123436.0 |
| 006 |
m o d f |
| 007 |
cr ||||||||||| |
| 008 |
120909d19uu1998dcutr p|o f0 a0eng c |
| 010 |
|
|
|a 2014230999
|
| 035 |
|
|
|a (OCoLC)ocn809466998
|
| 040 |
|
|
|a OCLCE
|b eng
|e rda
|e pn
|c OCLCE
|d OCLCO
|d OCLCQ
|d OCLCA
|d OCLCF
|d OCLCO
|d GPO
|d MvI
|d UtOrBLW
|
| 042 |
|
|
|a pcc
|
| 043 |
|
|
|a n-us---
|
| 049 |
|
|
|a WWW
|
| 074 |
|
|
|a 0863-A-05 (online)
|
| 086 |
0 |
|
|a S 1.145:
|
| 245 |
0 |
0 |
|a U.S. MAB bulletin.
|
| 246 |
1 |
|
|a US MAB bulletin
|
| 246 |
1 |
|
|a MAB bulletin
|
| 246 |
1 |
|
|a U.S. Man and the Biosphere Bulletin
|
| 264 |
|
1 |
|a Washington, District of Columbia :
|b United States National Committee for the Man and the Biosphere Program.
|
| 300 |
|
|
|a 1 online resource.
|
| 310 |
|
|
|a Three times a year
|
| 336 |
|
|
|a text
|b txt
|2 rdacontent
|
| 337 |
|
|
|a computer
|b c
|2 rdamedia
|
| 338 |
|
|
|a online resource
|b cr
|2 rdacarrier
|
| 362 |
1 |
|
|a Ceased in 1998?
|
| 490 |
1 |
|
|a Department of State publication
|
| 588 |
|
|
|a Description based on: Volume 18, no. 1 (July 1994); title from title page (viewed Sept. 24, 2014).
|
| 588 |
|
|
|a Latest issue consulted: Volume 21, number 3 (December 1997) (viewed Sept. 24, 2014).
|
| 610 |
2 |
0 |
|a U.S. National Committee for Man and the Biosphere
|v Periodicals.
|
| 650 |
|
0 |
|a Environmental policy
|z United States
|v Periodicals.
|
| 650 |
|
0 |
|a Biosphere
|v Periodicals.
|
| 650 |
|
0 |
|a Ecology
|v Periodicals.
|
| 610 |
2 |
7 |
|a U.S. National Committee for Man and the Biosphere.
|2 fast
|0 (OCoLC)fst00526129
|
| 650 |
|
7 |
|a Biosphere.
|2 fast
|0 (OCoLC)fst00832706
|
| 650 |
|
7 |
|a Ecology.
|2 fast
|0 (OCoLC)fst00901476
|
| 650 |
|
7 |
|a Environmental policy.
|2 fast
|0 (OCoLC)fst00913250
|
| 651 |
|
7 |
|a United States.
|2 fast
|0 (OCoLC)fst01204155
|
| 655 |
|
7 |
|a Periodicals.
|2 fast
|0 (OCoLC)fst01411641
|
| 710 |
2 |
|
|a U.S. National Committee for Man and the Biosphere,
|e issuing body.
|
| 776 |
0 |
8 |
|i Print version:
|t U.S. MAB bulletin
|x 1078-6295
|w (DLC)sn 92023637
|w (OCoLC)21884007
|
| 776 |
0 |
8 |
|i Microfiche version:
|t U.S. MAB bulletin
|w (DLC)sn 93028657
|w (OCoLC)27252748
|
| 830 |
|
0 |
|a Department of State publication.
|
| 856 |
4 |
0 |
|3 Issues for December 1996-December 1997
|u http://purl.fdlp.gov/GPO/LPS17906
|t 0
|
| 856 |
4 |
0 |
|3 Issues for July 1994-August 1996
|u http://purl.fdlp.gov/GPO/LPS17684
|t 0
|
| 999 |
|
|
|a MARS
|
| 999 |
f |
f |
|s 4d7744ea-46dd-38a7-9a76-3aec2634dc58
|i a6f2acec-f09d-32ec-a574-006fe033d8f9
|t 0
|
| 952 |
f |
f |
|a Texas A&M University
|b College Station
|c Electronic Resources
|d Available Online
|t 0
|e S 1.145:
|h Superintendent of Documents classification
|
| 998 |
f |
f |
|a S 1.145:
|t 0
|l Available Online
|